| 000 | 00775nam a2200241 a 4500 | ||
|---|---|---|---|
| 001 | 63567 | ||
| 003 | BD-RjUL | ||
| 005 | 20211209081218.0 | ||
| 008 | 170131s1954 enk b 000 0aeng d | ||
| 035 | _a(BD-RjUL) | ||
| 040 |
_aBD-RjUL _cBD-RjUL _beng |
||
| 041 | _aeng | ||
| 082 |
_223 _a821 _bWOL 1954 |
||
| 100 | 1 |
_aWordsworth, William _d1770-1850. _9186715 |
|
| 245 | 0 | 0 |
_aLetters of William Wordsworth / _cselected and with an introd. by Philip Wayne. |
| 260 |
_aNew York : _bOxford University Press, _c[1954]. |
||
| 300 |
_axxiv, 295 p. ; _c16 cm. |
||
| 600 | 1 | 0 |
_aWordsworth, William, _d1770-1850 _xCorrespondence. _9188948 |
| 650 |
_aPoets, English _9188949 |
||
| 700 | 1 |
_aWayne, Philip, _eed. _9188950 |
|
| 942 |
_2ddc _cBK |
||
| 999 |
_c63567 _d63567 |
||